Controlling do kapsy aneb šest základních bodů controllingu

Enregistré dans:
Détails bibliographiques
Auteur principal: Vysušil, Jiří
Format: Livre
Langue:tchèque
Publié: Praha Profess Consulting 2000
Collection:Kapesní průvodce
Sujets:
Tags: Ajouter un tag
Pas de tags, Soyez le premier à ajouter un tag!

MARC

LEADER 00000nam$a2200000$$$4500
001 0085539
005 20240111125519.6
020 |a 80-7259-013-8 
041 0 |a cze 
044 |a CZ 
245 1 0 |a Controlling do kapsy  |b aneb šest základních bodů controllingu  |c Jiří Vysušil 
264 1 |a Praha  |b Profess Consulting  |c 2000 
300 |a 80 s. 
490 1 |a Kapesní průvodce 
830 0 |a Kapesní průvodce 
610 2 0 |a kontroling 
610 2 0 |a kontroling podnikový 
610 2 0 |a kontroling finančný 
100 1 |a Vysušil, Jiří